Missing Word: Films Set in London Quiz Stats

 Plays Quiz Updated May 19, 2018

Challenge
Share
Tweet
Embed
Score 0/20 Timer 02:00
0 Plays Today
Hint Answer % Correct
Bridget Jones's _____Diary
97.3%
The Hitchhiker's______ to the GalaxyGuide
97.2%
Bend It ____ Beckham Like
96.6%
Four ________ and a Funeral Weddings
96.3%
V ____ Vendettafor
95.4%
____ ActuallyLove
95.3%
Die _______ Day Another
94.5%
Harry Potter and the Sorcerer's _____Stone
93.6%
Shaun of the ____Dead
92.2%
The Italian ___Job
92%
Hint Answer % Correct
The King's ______Speech
91.7%
What a Girl _____Wants
90.6%
The Other Boleyn____Girl
90.1%
Lock, Stock and Two Smoking _______Barrels
89.7%
The Dark ______ RisesKnight
88.1%
Sweeney Todd: The Demon ______ of Fleet StreetBarber
86.6%
___________ in Love Shakespeare
81.5%
The World Is Not ______Enough
81.3%
The Mummy _______Returns
79%
Match _____Point
60.6%

Today's Daily Dose

You're not logged in!

Compare scores with friends on all Sporcle quizzes.
Join for Free
OR
Log In

You Might Also Like...

Show Comments

Extras

Top Quizzes Today


Score Distribution

Your Account Isn't Verified!

In order to create a playlist on Sporcle, you need to verify the email address you used during registration. Go to your Sporcle Settings to finish the process.

Report this User

Report this user for behavior that violates our Community Guidelines.

Details: